000 00308cam a22000977a 4500
008 180718b xxu||||| |||| 00| 0 eng d
082 _aY16x5414 B231
245 _aFinal report of the survey and settlement operations of the Baramba feudatory state
260 _aCuttack
_bCuttack Government Press
_c
300 _a47p.
999 _c499124
_d499124